Statistics for Every John Denver song that hit the Billboard hot 100

Click here to take the quiz!

General Stats

  • This quiz has been taken 32 times
  • The average score is 6 of 32

Answer Stats

Peak Chart Position Year Song % Correct
91973Rocky Mountain High
86%
11974ANNIE's SONG
79%
21971Take Me Home, Country Roads
79%
11974Sunshine On My Shoulders
54%
11975Thank God I'm A Country Boy
50%
11975I'm Sorry
50%
51974Back Home Again
32%
361981Some Days Are Diamonds (Some Days Are Stone)
21%
591982Perhaps Love
18%
131976Fly Away
11%
131975Sweet Surrender
11%
291976Looking For Space
11%
311982Shanghai Breezes
11%
691974Please, Daddy
11%
781982Seasons Of The Heart
7%
661981The Cowboy And The Lady
7%
521980Autograph
7%
321977My Sweet Lady
7%
551978I Want To Live
4%
581976Christmas For Cowboys
4%
591978It Amazes Me
4%
601976It Makes Me Giggle
4%
621973I'd Rather Be A Cowboy
4%
441978How Can I Leave You Again
4%
361976Like A Sad Song
4%
851984Love Again
4%
881972Goodbye Again
4%
471971Friends With You
0%
651977Baby, You Look Good To Me Tonight
0%
811972Everyday
0%
891973Farewell Andromeda (Welcome To My Morning)
0%
971980Dancing With The Mountains
0%

Score Distribution

Percentile by Number Answered

Percent of People with Each Score

Your Score History

You have not taken this quiz